Library Logo

Pioneer International University Library Catalogue

HOLT SCIENCE &TECHNOLOGY: (Record no. 9953)

MARC details
000 -LEADER
fixed length control field 00584nam a22001697a 4500
003 - CONTROL NUMBER IDENTIFIER
control field OSt
005 - DATE AND TIME OF LATEST TRANSACTION
control field 20260209104209.0
008 - FIXED-LENGTH DATA ELEMENTS--GENERAL INFORMATION
fixed length control field 260209b |||||||| |||| 00| 0 eng d
020 ## - INTERNATIONAL STANDARD BOOK NUMBER
International Standard Book Number 0030462282
040 ## - CATALOGING SOURCE
Transcribing agency HOLT, RINEHART AND WINSTON
050 ## - LIBRARY OF CONGRESS CALL NUMBER
Classification number Q 161 .H65 2007
Item number .H65 2007
245 ## - TITLE STATEMENT
Title HOLT SCIENCE &TECHNOLOGY:
Remainder of title PHYSICAL SCIENCE/
Statement of responsibility, etc. BORGFORD, CHRISTIE
250 ## - EDITION STATEMENT
Edition statement 1st edition
260 ## - PUBLICATION, DISTRIBUTION, ETC.
Place of publication, distribution, etc. Orlando:
Name of publisher, distributor, etc. Holt, Rinehart and Winston,
Date of publication, distribution, etc. 2007.
300 ## - PHYSICAL DESCRIPTION
Extent xxviii, 820 pages,
Other physical details Hardcover, ill. : col, includes bibliographic references and index.;
Dimensions 28.2 cm
942 ## - ADDED ENTRY ELEMENTS (KOHA)
Source of classification or shelving scheme Library of Congress Classification
Koha item type Books
Edition 1st ed.
Suppress in OPAC No
Holdings
Withdrawn status Lost status Source of classification or shelving scheme Damaged status Not for loan Home library Current library Date acquired Total checkouts Full call number Barcode Date last seen Copy number Price effective from Koha item type
    Library of Congress Classification     PIU Library Main Library 02/09/2026   Q 161.H65 2007 PIUDL933 02/09/2026 1 02/09/2026 Books